| Tag |
First Indicator |
Second Indicator |
Subfields |
| LEADER |
00000cam a22000008a 4500 |
| 001 |
in00000013455 |
| 005 |
20151007052456.0 |
| 008 |
860807s1986 nyu b s00010 eng |
| 010 |
|
|
|a 86020843
|
| 020 |
|
|
|a 087546131X
|
| 035 |
|
|
|a (OCoLC)14127857
|
| 035 |
|
|
|9 AAA7943AM
|
| 040 |
|
|
|a DLC
|c DLC
|d WQM
|d m/c
|d TXA
|d UtOrBLW
|
| 049 |
|
|
|a TXAM
|c [A11045701]
|
| 050 |
0 |
0 |
|a HF5549.5.E42
|b S6 1986
|
| 082 |
0 |
|
|a 658.3/82
|2 19
|
| 100 |
1 |
|
|a Sonnenstuhl, William J.,
|d 1946-
|
| 245 |
1 |
0 |
|a Strategies for employee assistance programs :
|b the crucial balance /
|c William J. Sonnenstuhl, Harrison M. Trice.
|
| 263 |
|
|
|a 8608
|
| 264 |
|
1 |
|a Ithaca, NY :
|b ILR Press, New York State School of Industrial and Labor Relations, Cornell University,
|c [1986]
|
| 264 |
|
4 |
|c ©1986
|
| 300 |
|
|
|a vi, 74 pages
|
| 336 |
|
|
|a text
|b txt
|2 rdacontent
|
| 337 |
|
|
|a unmediated
|b n
|2 rdamedia
|
| 338 |
|
|
|a volume
|b nc
|2 rdacarrier
|
| 490 |
1 |
|
|a Key issues,
|x 0070-0185 ;
|v no. 30
|
| 504 |
|
|
|a Bibliography: pages 65-74.
|
| 650 |
|
0 |
|a Employee assistance programs.
|
| 650 |
|
0 |
|a Alcoholism and employment.
|
| 700 |
1 |
|
|a Trice, Harrison Miller,
|d 1920-
|
| 830 |
|
0 |
|a Key issues (Ithaca, N.Y.) ;
|v no. 30.
|
| 999 |
|
|
|a MARS
|
| 999 |
f |
f |
|s c23aa7b7-43dd-3145-94d8-aaaeac17653e
|i 65856100-af49-3896-b3aa-b0ec158c2056
|t 0
|
| 952 |
f |
f |
|p ric
|a Texas A&M University
|b Rellis Campus
|c Joint Library Facility
|d Remote Storage
|t 0
|e HF5549.5.E42 S6 1986
|h Library of Congress classification
|i unmediated -- volume
|m A14811045701
|
| 998 |
f |
f |
|a HF5549.5.E42 S6 1986
|t 0
|l Remote Storage
|